| 000 | 02294nmc a2200661 a 4500 | ||
|---|---|---|---|
| 003 | AR-BaBNM | ||
| 005 | 20251128205136.0 | ||
| 008 | 301020s1994 ||||||||||||||000 | spa|| | ||
| 020 | _a84-277-1086-0 | ||
| 040 | _cAR-BaBNM | ||
| 245 | 1 | 0 |
_a20 autores del siglo XX _binterpretación y comentario de textos literarios |
| 246 | 1 | _aVeinte autores del siglo XX | |
| 250 | _a1ª ed. | ||
| 260 |
_aMadrid _bNarcea _bMinisterio de Educación y Ciencia _c1994 |
||
| 300 | 0 | _ap. irreg. | |
| 490 | 0 | _aMateriales 12-16 para Educación Secundaria. Lengua y Literatura | |
| 500 | 0 | _aContiene glosario en p. 13 | |
| 500 | 0 | _aEsta carpeta contiene cuatro libros: Veinte autores del siglo xx: interpretación y comentario de textos literarios / 1: el comentario de textos | |
| 500 | 0 | _aVeinte autores del siglo xx: interpretación y comentario de textos literarios / 2: teatro | |
| 500 | 0 | _aVeinte autores del siglo xx: interpretación y comentario de textos literarios / 3: poesía | |
| 500 | 0 | _aVeinte autores del siglo xx: interpretación y comentario de textos literarios / 4: narrativa | |
| 600 | 1 | 4 | _aValle Inclan, Ramón María Del |
| 600 | 1 | 4 | _aJardiel Poncela, Enrique |
| 600 | 1 | 4 | _aGarcía Lorca, Federico |
| 600 | 1 | 4 | _aGala, Antonio |
| 600 | 1 | 4 | _aMachado, Antonio |
| 600 | 1 | 4 | _aNeruda, Pablo |
| 600 | 1 | 4 | _aAlberti, Rafael |
| 600 | 1 | 4 | _aCernuda, Luis |
| 600 | 1 | 4 | _aHernández, Miguel |
| 600 | 1 | 4 | _aAleixandre, Vicente |
| 600 | 1 | 4 | _aHierro, José |
| 600 | 1 | 4 | _aOtero, Blas De |
| 600 | 1 | 4 | _aunamuno, Miguel de |
| 600 | 1 | 4 | _aBorges, Jorge Luis |
| 600 | 1 | 4 | _aAyala, Francisco |
| 600 | 1 | 4 | _aGoytisolo, Juan |
| 600 | 1 | 4 | _aDelibes, Miguel |
| 600 | 1 | 4 | _aMendoza, Eduardo |
| 600 | 1 | 4 | _aTorrente Ballester, Gonzalo |
| 600 | 1 | 4 | _aMuñoz Molina, Antonio |
| 650 | 4 | _aSIGLO VEINTE | |
| 650 | 4 | _aPOESIA | |
| 650 | 4 | _aTEATRO | |
| 653 | _aENSENANZA DE LA LENGUA | ||
| 653 | _aENSENANZA DE LA LITERATURA | ||
| 653 | _aEDUCACION GENERAL BASICA | ||
| 653 | _aEDUCACION POLIMODAL | ||
| 653 | _aEDUCACION SECUNDARIA | ||
| 700 | 1 | _aAriza, Julio | |
| 700 | 1 | _aCoca, Ildefonso | |
| 700 | 1 | _aGonzález, Juan Antonio | |
| 700 | 1 | _aHoster, Beatriz | |
| 700 | 1 | _aNoguerol, Francisca | |
| 700 | 1 | _aRuiz, Alberto M. | |
| 942 | _cBK | ||
| 998 | _cSILVI | ||
| 999 |
_c10167 _d10167 |
||